Arrecifes en peligro en el Caribe

Salvato in:
Dettagli Bibliografici
Autori principali: Burke, Lauretta (Autore), Maidens, Jonathan (Autore)
Natura: Libro
Lingua:spagnolo
Pubblicazione: Washington, D.C World Resources Institute 2005
Soggetti:
Tags: Aggiungi Tag
Nessun Tag, puoi essere il primo ad aggiungerne!!

MARC

LEADER 00000nam a2200000 a 4500
001 UCK4687
003 CL-VaPUC
008 050617e20050000us |||||||||||||||||spa|d
020 |a 1569735840 
082 0 4 |a 551.424  |b BUR  |2 21 
100 0 |a Burke, Lauretta  |e author  |9 493288 
700 0 |a Maidens, Jonathan  |e author  |9 493289 
245 1 0 |a Arrecifes en peligro en el Caribe 
300 |a 80 p 
942 |c BK 
945 |d 20050617 00:00:00  |a cmena 
260 |a Washington, D.C  |b World Resources Institute  |c 2005 
500 |a Incluye ilustraciones en color 
650 0 |a Ecología marina   |9 259946 
650 7 |a CONTAMINACION MARINA  |2 CL-VaPUC  |9 493290 
650 0 |a Impacto ambiental  |9 262796 
650 7 |a MEDIO AMBIENTE MARINO  |2 CL-VaPUC  |9 493291 
650 0 |a Fauna marina  |9 261231 
650 7 |a FLORA MARINA  |2 CL-VaPUC  |9 493292 
650 0 |a Recursos naturales  |9 255232 
651 7 |a ISLAS CARIBES  |2 CL-VaPUC  |9 255533 
583 |a last modification  |c 20171221 02:59:55  |k Rodrigo Vera 
999 |c 313502  |d 313500 
952 |0 0  |1 0  |4 0  |6 551_424000000000000_BUR_2005  |7 0  |8 CCM  |9 384887  |a BIBCUR  |b BIBCUR  |d 2019-11-22  |i 4138864  |o 551.424 BUR 2005  |p 4138864  |r 2025-04-22  |w 2019-11-22  |y BK  |k CIM